000 00628nam a2200277Ia 4500
005 20260324145615.0
008 008 260324s9999 xx 000 0 eng d
020 _a9781003440017
037 _aEBOOK
040 _aCRL
040 _beng
040 _cCRL
041 _2eng
041 _aeng
084 _qCRL
100 _aFrank C. Waddams
_91223560
245 4 _aThe Libyan Oil Industry
260 _bTaylor and Francis
260 _c1980
365 _a
365 _b195
856 _uhttp://www.taylorfrancis.com/books/9781003440017
942 _cEBOOK
999 _c1831701
_d1831701